Banka, ktorá urýchľuje úspech

Rozhovor s generálnou riaditeľkou Creditanstalt, a.s. Bratislava Mag. Reginou Ovesny-Straka o dvojročnom pôsobení banky na Slovensku. Creditanstalt, a.s. ako 100 perc. dcérska spoločnosť Creditanstalt Viedeň pôsobí na slovenskom trhu od 15. decembra 1994. Zhodnotenie činnosti banky, výsledky, ktoré...

Ausführliche Beschreibung

Gespeichert in:
Bibliographische Detailangaben
1. Verfasser: Ovesny-Straka, R.
Weitere Verfasser: Janek, Miroslav
Format: Buchkapitel
Sprache:Slowakisch
Schlagworte:
Tags: Tag hinzufügen
Keine Tags, Fügen Sie das erste Tag hinzu!

MARC

LEADER 00000naa a2200000 4500
001 r026800
005 20230606082807.0
041 0 |a slo 
044 |a SK 
245 1 0 |a Banka, ktorá urýchľuje úspech  |c R. Ovesny-Straka, Miroslav Janek 
520 |a Rozhovor s generálnou riaditeľkou Creditanstalt, a.s. Bratislava Mag. Reginou Ovesny-Straka o dvojročnom pôsobení banky na Slovensku. Creditanstalt, a.s. ako 100 perc. dcérska spoločnosť Creditanstalt Viedeň pôsobí na slovenskom trhu od 15. decembra 1994. Zhodnotenie činnosti banky, výsledky, ktoré dosiahla. Zásady banky uplatňované pri poskytovaní úverov. Služby a produkty pre klientov. Budovanie siete pobočiek. Spolupráca Creditanstaltu s NBS. Medzibanková spolupráca Creditanstaltu. 
610 2 0 |a Creditanstalt, a.s. Bratislava 
610 2 0 |a banky 
610 2 0 |a Slovensko 
610 2 0 |a klienti 
610 2 0 |a služby bankové 
100 1 |a Ovesny-Straka, R. 
700 1 |a Janek, Miroslav